Comparison of a novel devulcanization process with conventional industrial devulcanization processes (Record no. 55985)

MARC details
000 -LEADER
fixed length control field 00635nam a2200157Ia 4500
100 ## - MAIN ENTRY--AUTHOR NAME
Personal name Joseph A.M
245 #0 - TITLE STATEMENT
Title Comparison of a novel devulcanization process with conventional industrial devulcanization processes
260 ## - PUBLICATION, DISTRIBUTION, ETC. (IMPRINT)
Name of publisher National Conference on Enpowering the Rubber & Allied Industry Through Indegenisation, Innovation on Technology, Materials and Processes, 18 December 2015, IRMRA, Maumbai, India.
650 ## - SUBJECT ADDED ENTRY--TOPICAL TERM
Topical Term Devulcanization
650 ## - SUBJECT ADDED ENTRY--TOPICAL TERM
Topical Term Industrial devulcanization
700 ## - ADDED ENTRY--PERSONAL NAME
Personal name George B
700 ## - ADDED ENTRY--PERSONAL NAME
Personal name Madhusoodanan K.N
856 ## - ELECTRONIC LOCATION AND ACCESS
Uniform Resource Identifier Bibli details only
942 ## - ADDED ENTRY ELEMENTS (KOHA)
Koha item type Journals
Holdings
Withdrawn status Lost status Damaged status Not for loan Home library Current library Shelving location Date acquired Koha item type
      Journals RRII Library RRII Library Rubber technology 17/12/2021 Journals